000 00425nam a2200181 a 4500
001 1755773430009
003 ACL
005 20250821162445.0
008 250821s2010##################000#0#eng##
020 _a9781580932769
082 0 4 _a745.09051
_bKRI
100 1 _aKristal, Marc,
_eauthor.
245 1 0 _aRe:crafted :
260 _c2010.
650 0 _aArchitecture, Modern.
942 _cENGLISH
040 _aACL
_beng
_cACL
999 _c583382
_d583382